General, organic, and biological chemistry : (Record no. 80836)

MARC details
000 -LEADER
fixed length control field 00870nam a22002297a 4500
005 - DATE AND TIME OF LATEST TRANSACTION
control field 20241030232040.0
020 ## - INTERNATIONAL STANDARD BOOK NUMBER
International Standard Book Number 9812-53-212-9
040 ## - CATALOGING SOURCE
Language of cataloging English
Transcribing agency URS
Description conventions rda
050 ## - LIBRARY OF CONGRESS CALL NUMBER
Classification number QD31.3
Item number .R216 2006
100 ## - MAIN ENTRY--PERSONAL NAME
Personal name Raymond, Kenneth W.,
Relator term author.
9 (RLIN) 6065
245 ## - TITLE STATEMENT
Title General, organic, and biological chemistry :
Remainder of title An integrated approach /
Statement of responsibility, etc Kenneth W. Raymond.
264 ## - PUBLICATION, DISTRIBUTION, ETC. (IMPRINT)
Place of publication, distribution, etc New Jersey :
Name of publisher, distributor, etc John Wiley & Sons, Inc.,
Date of publication, distribution, etc ©2006.
300 ## - PHYSICAL DESCRIPTION
Extent 494 pages :
Other physical details illustration ;
Dimensions 26 cm.
336 ## - CONTENT TYPE
Source rdacontent
Content type term text
Content type code txt
337 ## - MEDIA TYPE
Source rdamedia
Media type term unmediated
Media type code n
338 ## - CARRIER TYPE
Source rdacarrier
Carrier type term volume
Carrier type code nc
500 ## - GENERAL NOTE
General note Includes index.
505 ## - FORMATTED CONTENTS NOTE
Formatted contents note Nursing process and practice -- Medical-surgical nursing -- Maternity and neonatal nursing -- Pediatric nursing -- Psychiatric nursing.
650 #0 - SUBJECT ADDED ENTRY--TOPICAL TERM
Topical term or geographic name as entry element Chemistry
General subdivision Textbooks.
9 (RLIN) 4246
650 #0 - SUBJECT ADDED ENTRY--TOPICAL TERM
Topical term or geographic name as entry element Chemistry, Organic.
9 (RLIN) 1441
942 ## - ADDED ENTRY ELEMENTS (KOHA)
Source of classification or shelving scheme Library of Congress Classification
Koha item type Foreign Books
Holdings
Withdrawn status Lost status Source of classification or shelving scheme Damaged status Not for loan Collection code Home library Current library Shelving location Date acquired Source of acquisition Total Checkouts Full call number Barcode Date last seen Copy number Koha item type
    Library of Congress Classification     Non-fiction Taytay College Library Taytay College Library Foreign Section 10/29/2010 Purchased   QD31.3 .R216 2006 URSTAY-1710 10/30/2024 1 Foreign Books
    Library of Congress Classification     Non-fiction Taytay College Library Taytay College Library Foreign Section 10/29/2010 Purchased   QD31.3 .R216 2006 URSTAY-1711 10/30/2024 2 Foreign Books

University of Rizal System
Email us at univlibservices@urs.edu.ph

Visit our Website www.urs.edu.ph/library